Countries Closest to Chile - Statistics

General Stats
  • This quiz has been taken 4,378 times
  • The average score is 16 of 20
Answer Stats
km country miles % Correct
0 Argentina 0
100%
928 Brazil 577
99%
0 Peru 0
98%
0 Bolivia 0
97%
457 Paraguay 284
97%
1088 Uruguay 676
97%
1487 Colombia 924
96%
1746 Ecuador 1085
95%
2913 Panama 1810
94%
2069 Venezuela 1286
94%
2391 Guyana 1486
93%
2595 Suriname 1612
92%
3212 Costa Rica 1996
86%
3525 Nicaragua 2190
79%
3186 Trinidad and Tobago 1980
74%
3399 Grenada 2112
62%
3472 St Vincent and the Grenadines 2157
61%
3580 Barbados 2225
59%
3339 Aruba 2075
32%
3298 Curaçao 2049
28%
No matching quizzes found
Score Distribution
Percent of People with Each Score
Percentile by Number Answered
Your Score History
You have not taken this quiz